Score 0/30 Timer 08:00
0 Plays Today
% Correct
Italy
99.4%
Greece
89.4%
China
83.6%
Australia
81.9%
Netherlands
79.9%
Egypt
78.5%
Brazil
77%
United States
70.5%
Vietnam
65.8%
Mexico
64.3%
United Kingdom
62.3%
Nepal
60.7%
India
59.8%
South Africa
59.6%
Chad
57.7%
% Correct
Canada
57%
Nauru
56.7%
Mongolia
48.4%
Russia
43.4%
Maldives
42.3%
New Zealand
42.1%
Bolivia
42%
San Marino
41.4%
Japan
41.2%
Norway
41.1%
Libya
39.3%
Niger
39.2%
France
30.8%
Turkey
30.7%
Portugal
27.3%

You're not logged in!

Compare scores with friends on all Sporcle quizzes.
OR
Log In

Sporcle TV

Today on Sporcle TV


Watch our educational content, quiz creation guides, and fun videos on Sporcle TV.

Show Comments

Extras

Top Quizzes Today


Score Distribution

Paid Content

Your Account Isn't Verified!

In order to create a playlist on Sporcle, you need to verify the email address you used during registration. Go to your Sporcle Settings to finish the process.

Report this User

Report this user for behavior that violates our Community Guidelines.

Details: